Bad weather / (Record no. 9813)
[ view plain ]
| 000 -LEADER | |
|---|---|
| fixed length control field | 00862nam a22002657a 4500 |
| 001 - CONTROL NUMBER | |
| control field | 9813 |
| 003 - CONTROL NUMBER IDENTIFIER | |
| control field | FISKH |
| 005 - DATE AND TIME OF LATEST TRANSACTION | |
| control field | 20260226150256.0 |
| 008 - FIXED-LENGTH DATA ELEMENTS--GENERAL INFORMATION | |
| fixed length control field | 260226b cb ||||| |||| 00| 0 eng d |
| 020 ## - INTERNATIONAL STANDARD BOOK NUMBER | |
| International Standard Book Number | 9781583408513 |
| 040 ## - CATALOGING SOURCE | |
| Original cataloging agency | FISKH |
| Language of cataloging | eng |
| Transcribing agency | FISKH |
| Modifying agency | FISKH |
| 082 ## - DEWEY DECIMAL CLASSIFICATION NUMBER | |
| Classification number | 551 |
| 100 ## - MAIN ENTRY--PERSONAL NAME | |
| Personal name | MacDonald , Margaret |
| 245 ## - TITLE STATEMENT | |
| Title | Bad weather / |
| Statement of responsibility, etc. | Written by Margaret MacDonald |
| 260 ## - PUBLICATION, DISTRIBUTION, ETC. | |
| Place of publication, distribution, etc. | Mankato : |
| Name of publisher, distributor, etc. | Smart Apple Media , |
| Date of publication, distribution, etc. | 2006 . |
| 300 ## - PHYSICAL DESCRIPTION | |
| Extent | 16 pages : |
| Other physical details | color illustrations ; |
| Dimensions | 19 cm . |
| 490 ## - SERIES STATEMENT | |
| Series statement | Learn-Abouts |
| Volume/sequential designation | Level 4 |
| 505 ## - FORMATTED CONTENTS NOTE | |
| Formatted contents note | H <br/> |
| 520 ## - SUMMARY, ETC. | |
| Summary, etc. | Part of the Learn-Abouts guided reading program, this beginning reader introduces a nonfiction topic, with the use of a picture dictionary. |
| 521 8# - TARGET AUDIENCE NOTE | |
| Target audience note | 430 <br/> |
| Source | Lexile <br/> |
| 521 8# - TARGET AUDIENCE NOTE | |
| Target audience note | H <br/> |
| Source | Raz-Plus <br/> |
| 700 ## - ADDED ENTRY--PERSONAL NAME | |
| Personal name | Adeane-Nancarrow , Ruth |
| Relator term | Editor |
| 942 ## - ADDED ENTRY ELEMENTS (KOHA) | |
| Source of classification or shelving scheme | Dewey Decimal Classification |
| Koha item type | Books |
| Suppress in OPAC | No |
| Withdrawn status | Lost status | Source of classification or shelving scheme | Damaged status | Not for loan | Collection | Home library | Current library | Shelving location | Date acquired | Total Checkouts | Full call number | Barcode | Date last seen | Price effective from | Koha item type |
|---|---|---|---|---|---|---|---|---|---|---|---|---|---|---|---|
| Dewey Decimal Classification | Non-Fiction | Footprints International School Library Network Toul Tom Poung Campus | Footprints International School Library Network Toul Tom Poung Campus | TTP Primary Dark Blue Bookshelves | 02/26/2026 | MAC 551 | FISTK02203 | 02/26/2026 | 02/26/2026 | Books |
